000 00409nam a2200169Ia 4500
008 230711s9999||||xx |||||||||||||| ||und||
041 _aENG
082 _a720
_bHA-A
100 _aHaan,Hilde De
245 0 _aArchitects in competition
250 _a1st Ed.
260 _c1988
_aNew York
_bThames & Hudson LtdĀ Publication
300 _a219
650 _aArchitecture
700 _aHaagsma,Ids
942 _cBK
999 _c2479
_d2479